01161nam a2200289 i 4500001000300000003000400003005001700007008003900024040000800063041001800071080000700089080000900096100004500105245015900150246008900309246003000398250001100428260005600439300006800495504001200563650001500575655001700590700006200607700005400669700005000723856009800773bgBPK20250801065402.0950505s1988 pl a f |000 0 pol cBPK apolhgerhrus a51 a(07)1 aBronštejn, Il'â Nikolaevič.eAutor 0aMatematyka :bporadnik encyklopedyczny.nCz. 5-6 /cI. N. Bronsztejn, K. A. Siemiendiajev ; [tł. z ros. i niem. Stefan Czarnecki, Robert Bartoszyński].1 iTyt. oryg. :aSpravočnik po matematiki dlja inženerov i učaščichsja vtuzov1 aTaschenbuch der Matematik aWyd.8. aWarszawa :bPaństwowe Wydawnictwo Naukowe,c1988. a 2 cz. w 1 wol. (s. [3], 618-850. [3]) :brys., wykr. ;c17 cm. aIndeks. 4aMatematyka 4aPodręcznik1 aSemendâev, Konstantin Adol'fovičd(1908-1988).eAutor1 aBartoszyński, Robertd(1933-1998)eTłumaczenie1 aCzarnecki, Stefand(1925-1982).eTłumaczenie uhttp://koha.tu.koszalin.pl/cgi-bin/koha/opac-detail.pl?biblionumber=28667yKatalog online BPK